000 00711nam a2200181 a 4500
008 130416s1994 ||||||||||||||||| || u
020 _a9780195690798
050 _aQC 793.3.F5 Kak
100 _aKaku, Michio
245 1 0 _aHyperspace: a scientific odyssey through the 10th dimension
_cby Michio Kaku, and illustrated by Robert O'Keefe
250 _aIndian edition
260 _aOxford:
_bOxford University Press
_c1994
300 _axvi, 359p.: ill.
650 _aSUPERSTRING THEORIES
650 _aKALUZA-KLEIN THEORIES
650 _aHYPERSPACE
995 _FCBU-MAIN LIBRARY (Kitwe)
_M1
_UAVAILABLE
_WJun 13, 2013
_ZAnnex Low-Usage Collection
999 _c46074
_d46074